Introduction: Virtuous Artificial Intelligence
| Main Author: | |
|---|---|
| Format: | Electronic Article |
| Language: | English |
| Check availability: | HBZ Gateway |
| Interlibrary Loan: | Interlibrary Loan for the Fachinformationsdienste (Specialized Information Services in Germany) |
| Published: |
2025
|
| In: |
Theology and science
Year: 2025, Volume: 23, Issue: 3, Pages: 435-439 |
| RelBib Classification: | CF Christianity and Science NCJ Ethics of science VA Philosophy |
| Online Access: |
Volltext (lizenzpflichtig) |
MARC
| LEADER | 00000caa a22000002c 4500 | ||
|---|---|---|---|
| 001 | 1932066888 | ||
| 003 | DE-627 | ||
| 005 | 20251217123326.0 | ||
| 007 | cr uuu---uuuuu | ||
| 008 | 250730s2025 xx |||||o 00| ||eng c | ||
| 024 | 7 | |a 10.1080/14746700.2025.2514296 |2 doi | |
| 035 | |a (DE-627)1932066888 | ||
| 035 | |a (DE-599)KXP1932066888 | ||
| 040 | |a DE-627 |b ger |c DE-627 |e rda | ||
| 041 | |a eng | ||
| 084 | |a 1 |2 ssgn | ||
| 100 | 1 | |a Molhoek, Braden |e VerfasserIn |4 aut | |
| 109 | |a Molhoek, Braden | ||
| 245 | 1 | 0 | |a Introduction: Virtuous Artificial Intelligence |
| 264 | 1 | |c 2025 | |
| 336 | |a Text |b txt |2 rdacontent | ||
| 337 | |a Computermedien |b c |2 rdamedia | ||
| 338 | |a Online-Ressource |b cr |2 rdacarrier | ||
| 652 | |a CF:NCJ:VA | ||
| 773 | 0 | 8 | |i Enthalten in |t Theology and science |d Abingdon, Oxfordshire : Routledge, 2003 |g 23(2025), 3, Seite 435-439 |h Online-Ressource |w (DE-627)372546447 |w (DE-600)2124364-5 |w (DE-576)261325019 |x 1474-6719 |7 nnas |
| 773 | 1 | 8 | |g volume:23 |g year:2025 |g number:3 |g pages:435-439 |
| 856 | 4 | 0 | |u https://doi.org/10.1080/14746700.2025.2514296 |x Resolving-System |z lizenzpflichtig |3 Volltext |7 1 |
| 935 | |a mteo | ||
| 951 | |a AR | ||
| ELC | |a 1 | ||
| ITA | |a 1 |t 1 | ||
| LOK | |0 000 xxxxxcx a22 zn 4500 | ||
| LOK | |0 001 4750662674 | ||
| LOK | |0 003 DE-627 | ||
| LOK | |0 004 1932066888 | ||
| LOK | |0 005 20260225153503 | ||
| LOK | |0 008 250730||||||||||||||||ger||||||| | ||
| LOK | |0 035 |a (DE-Tue135)IxTheo#2025-07-29#5A5053DFEED60A65D32CAA6F5641E63D3E700B99 | ||
| LOK | |0 040 |a DE-Tue135 |c DE-627 |d DE-Tue135 | ||
| LOK | |0 092 |o n | ||
| LOK | |0 852 |a DE-Tue135 | ||
| LOK | |0 852 1 |9 00 | ||
| LOK | |0 935 |a ixzs |a zota | ||
| LOK | |0 936ln |0 144204389X |a CF | ||
| LOK | |0 936ln |0 1550736582 |a NCJ | ||
| LOK | |0 936ln |0 1442053844 |a VA | ||
| LOK | |0 939 |a 30-07-25 |b l01 | ||
| ORI | |a TA-MARC-ixtheoa001.raw | ||
| REL | |a 1 | ||
| SUB | |a REL | ||



